Nuevas formas de concertación regional en América Latina /

El libro consiste en una compilación de trabajos acerca de las relaciones internacionales de América Latina, revistiendo la mayor importancia en el tema, el punto de vista del fortalecimiento, la cooperación regional y las vinculaciones externas de los países del área.

Bewaard in:
Bibliografische gegevens
Hoofdauteur: Tomassini, Luciano (Compilador, compilador)
Formaat: Onbekend
Taal:Spanish
Gepubliceerd in: Argentina : Grupo Editor Latinoamericano 1990
Onderwerpen:
Tags: Voeg label toe
Geen labels, Wees de eerste die dit record labelt!

MARC

LEADER 00000 a2200000 04500
001 327
003 cru CIDCACS/IIS
005 20231020062601.0
008 050612s1990 ag spa d
020 |a 950-694-081-9  
040 |c cru CIDCACS/IIS 
090 |a 01.02.01 T655n 
100 1 |9 9212  |a Tomassini, Luciano  |e Compilador 
245 0 |a Nuevas formas de concertación regional en América Latina /   |c Luciano Tomassini, compilador  
260 |a Argentina :   |b Grupo Editor Latinoamericano   |c 1990 
300 |a 475 p  
520 |a El libro consiste en una compilación de trabajos acerca de las relaciones internacionales de América Latina, revistiendo la mayor importancia en el tema, el punto de vista del fortalecimiento, la cooperación regional y las vinculaciones externas de los países del área. 
650 4 |9 2646  |a RELACIONES INTERNACIONALES 
650 0 |a COOPERACION REGIONAL  |9 2850 
650 0 |9 143  |a ECONOMIA 
651 4 |9 2605  |a LATINOAMERICA 
700 1 |9 9212  |a Tomassini, Luciano  |e compilador 
942 |2 ddc  |c LI 
999 |c 14558  |d 14558